000
00341nam a2200145Ia 4500
008
090124s9999 xx 000 0 und d
082
_b
35443
245
_a
साहेब
250
_a
1
260
_b
पोरे सुरेश
_c
2008
300
_a
148
630
_a
साहेब
730
_a
साहेब
942
_c
BOOK
999
_c
200493
_d
200493